000 00944nam a22002177a 4500
001 6321
003 FISKH
005 20250422092720.0
008 250422b cb ||||| |||| 00| 0 eng d
020 _a9780199126897
040 _aFISKH
_beng
_cFISKH
_dFISKH
100 _aBourdais, Danièle
245 _aClic! :
_bEn solo workbook 2 Plus /
_cBy Danièle Bourdais and Sue Finnie
250 _aFirst published 2009
260 _aOxford :
_bOxford Universtiy Press ,
_c2009.
300 _a95 pages :
_billustrations ;
_c95 pages .
520 _aClic! is the bestselling KS3 French course, updated to match the Renewed Framework. Clic! has two Access Student Books for reluctant learners, making this course the most differentiated course available. This PLUS En Solo Workbook offers extra practice and consolidation with write-in activities and audio material.
700 _aFinne, Sue
_eIllustrator
942 _2ddc
_cBK
_n0
999 _c6321
_d6321